000
00300nam a22001217a 4500
999
_c
480271
_d
480271
003
NUST
008
161117t xxu||||| |||| 00| 0 eng d
020
_a
0-632-05307-0
038
_a
Adnan
082
_a
020
245
_a
industrial microbiology
_b
an introduction
_c
michael j. waites
942
_2
ddc
_c
BK